000 00631nam a2200229Ia 4500
003 OSt
005 20220926002715.0
006 a|||||r|||| 00| 0
007 ta
008 220923b |||||||| |||| 00| 0 eng d
037 _cGeneral Book
040 _aRTL
_cRTL
_beng
041 _2eng
_aeng
082 _aY738.2.M, A6
100 _aMacritchie David Ed.
_9306376
245 0 _aAccounts of the Gypsies of India
260 _a New Delhi
_bNew Society
_c1886
300 _a254p
_ccm.
650 _aEthnology
_935130
942 _hY738.2.M, A6
_cGB
_2CC
999 _c605915
_d605915